000 01114nam a2200289 i 4500
001 75036
003 ES-MaACL
005 20250823063042.0
007 t|
008 040922e1979 sp a||||rc||| 001 0dspa
017 _aB 32179-1979
_bOficina Depósito Legal Barcelona
020 _a84-252-0940-4
080 _a76 Goya y Lucientes, Francisco de
100 1 _aGoya, Francisco de,
_d1746-1828
_eaut
_9240353
245 1 4 _aLos desastres de la guerra :
_breproducción de los 82 originales /
_cFrancisco de Goya ; precedidos de una introducción y catálogo del profesor Enrique Lafuente Ferrari
260 _aBarcelona :
_bGustavo Gili,
_c[1979]
300 _a63 páginas, 82 hojas de láminas ;
_c27 cm
504 _aBibliografía
600 1 4 _aGoya, Francisco de,
_d1746-1828.
_tLos desastres de la guerra
_9137699
650 7 _aGrabado español
_2embne
_9173816
655 7 _aGrabados
_2tgfbne
_9226846
700 1 _aLafuente Ferrari, Enrique,
_d1898-1985
_eaui
_969538
852 4 _aES-MaACL
_cDEPO2
_jL-733
942 _2udc
_cMONOGRAFIA
_n0
999 _c75036
_d75036